header

Practical guide to injection moulding (Record no. 37118)

MARC details
000 -LEADER
fixed length control field 01354nam a2200361 a 4500
082 04 - DEWEY DECIMAL CLASSIFICATION NUMBER
Classification number 668.412
245 00 - TITLE STATEMENT
Title Practical guide to injection moulding
260 ## - PUBLICATION, DISTRIBUTION, ETC. (IMPRINT)
Place of publication Shawbury :
Name of publisher Rapra Technology,
Year of publication c2004.
300 ## - PHYSICAL DESCRIPTION
Number of Pages iv, 264 p. :
Other physical details ill.
650 #0 - SUBJECT ADDED ENTRY--TOPICAL TERM
Topical Term Injection molding of plastics.
Topical Term Manufacturing processes.
700 1# - ADDED ENTRY--PERSONAL NAME
Personal name Goodship, Vannessa.
856 40 - ELECTRONIC LOCATION AND ACCESS
Uniform Resource Identifier http://site.ebrary.com/lib/rucke/Doc?id=10236850

No items available.

© 2026 Rongo University
Contact us: librarian | system librarian | Rongo university